[Event "Muensterland Verbandsklasse 1314"]
[Site "Germany"]
[Date "2013.09.21"]
[Round "1.8"]
[White "Broeker, Sebastian"]
[Black "Vinkelau, Heinz"]
[Result "1/2-1/2"]
[WhiteElo "1424"]
[BlackElo "1498"]
[PlyCount "37"]
[EventDate "2013.09.21"]
[EventType "team-tourn"]
[EventRounds "9"]
[EventCountry "GER"]
[SourceTitle "EXT 2015"]
[Source "ChessBase"]
[SourceDate "2014.11.20"]
[SourceVersion "1"]
[SourceVersionDate "2014.11.20"]
[SourceQuality "1"]
[WhiteTeam "Nordwalde"]
[BlackTeam "Metelen"]
[WhiteTeamCountry "GER"]
[BlackTeamCountry "GER"]

1. d4 Nf6 2. c4 g6 3. Nf3 Bg7 4. Bf4 0-0 5. e3 d6 6. Bd3 Re8 7. 0-0 Nfd7 8. Qc2 e5 9. dxe5 dxe5 10. Bg5 Bf6 11. Bxf6 Qxf6 12. Nc3 Nc5 13. Rad1 Bg4 14. Nd5 Qc6 15. Be4 Nxe4 16. Qxe4 f5 17. Qc2 Bxf3 18. gxf3 Nd7 19. Rd2 1/2-1/2

[Event "Muensterland Verbandsklasse-A 1011"]
[Site "Germany"]
[Date "2010.10.09"]
[Round "2.6"]
[White "Vinkelau, Heinz"]
[Black "Busswolder, Peter"]
[Result "1-0"]
[WhiteElo "1451"]
[BlackElo "1618"]
[PlyCount "41"]
[EventDate "2010.09.18"]
[EventType "team-tourn"]
[EventRounds "9"]
[EventCountry "GER"]
[SourceTitle "EXT 2012"]
[Source "ChessBase"]
[SourceDate "2011.11.24"]
[SourceVersion "1"]
[SourceVersionDate "2011.11.24"]
[SourceQuality "1"]
[WhiteTeam "Metelen"]
[BlackTeam "Stadtlohn"]
[WhiteTeamCountry "GER"]
[BlackTeamCountry "GER"]

1. c4 c6 2. Nc3 d5 3. cxd5 cxd5 4. d4 Nf6 5. Bg5 e6 6. a3 Nc6 7. Nf3 Be7 8. e3 0-0 9. Bd3 Bd7 10. 0-0 Rc8 11. Rc1 Re8 12. Bf4 Na5 13. Nb5 Bxb5 14. Bxb5 Nc6 15. Ne5 Qb6 16. Qa4 Bf8 17. Nxc6 bxc6 18. Bxc6 Red8 19. Qb5 Qxb5 20. Bxb5 Nh5 21. Bc7 1-0